000 00734nam a22001697a 4500
008 110906s1994 sy|||||r|||| 00| 0 ara d
082 _222
_a614.5939
_bع ب و
100 _927025
_aعبودكبة ، جوزيف
245 _aمعدتك :
_bوالنظم الغذائية خلال حياتك /
_cجوزيف عبودكبة
260 _aالقاهرة :
_bدار الشرق العربي، 1979
_c1979
300 _a285 ص ؛
_c24 سم
650 _927026
_aالتغذية
_vالجوانب الصحية
650 _927027
_aالرجيم
650 _915488
_aالهضم
942 _2ddc
_cBB
999 _c15958
_d15958